书目信息 |
| 题名: |
新编英语教程5
|
|
| 作者: | 李观仪 主编 | |
| 分册: | ||
| 出版信息: | 上海 上海外语教育出版社 1994.08 |
|
| 页数: | 78页 | |
| 开本: | 16开 | |
| 丛书名: | ||
| 单 册: | ||
| 中图分类: | H31-43 | |
| 科图分类: | ||
| 主题词: | 英语 | |
| 电子资源: | ||
| ISBN: | 7-81009-946-9 | |
| 000 | 00522nam0 2200181 45 | |
| 001 | 0009300750 | |
| 005 | 20001003172107.2 | |
| 010 | @a7-81009-946-9@dCNY 4.70 | |
| 100 | @a20000930d1994 km y0chiy0120 ea | |
| 101 | 0 | @achi |
| 200 | 1 | @a新编英语教程5@AXin Bian Ying Yu Jiao Cheng 5@f李观仪主编@FLi Guan Yi Zhu Bian |
| 210 | @a上海@c上海外语教育出版社@d1994.08 | |
| 215 | @a78页@d16开 | |
| 606 | 0 | @a英语 |
| 690 | @aH31-43@v3 | |
| 701 | 0 | @a李观仪@4主编 |
| 801 | @aCN@bPftUser@c20000930 | |
| 905 | @b163650-654@dH31-43@eL913:5@f5 | |
| 新编英语教程5/李观仪主编.-上海:上海外语教育出版社,1994.08 |
| 78页;16开 |
| ISBN 7-81009-946-9:CNY 4.70 |
| ● |
| 相关链接 |
|
|
|
正题名:新编英语教程5
索取号:H31-43/L913:5
 
预约/预借
| 序号 | 登录号 | 条形码 | 馆藏地/架位号 | 状态 | 备注 |
| 1 | 163650 | 201636505 | 语言库209/504自科库 45排5列5层/ [索取号:H31-43/L913:5] | 在馆 | |
| 2 | 163651 | 201636514 | 语言库209/209语言库 93排3列3层/ [索取号:H31-43/L913:5] | 在馆 | |
| 3 | 163652 | 201636523 | 语言库209/209语言库 93排3列3层/ [索取号:H31-43/L913:5] | 在馆 | |
| 4 | 163653 | 201636532 | 语言库209/209语言库 93排3列3层/ [索取号:H31-43/L913:5] | 在馆 | |
| 5 | 163654 | 201636541 | 语言库209/504自科库 45排5列5层/ [索取号:H31-43/L913:5] | 在馆 |